Statistiken für Deutschland Allgemeinwissen - extrem

Klicken Sie hier um das Quiz zu spielen!

Allgemein

  • Dieses Quiz wurde 123 mal gespielt
    (74 seit der letzten Aktualisierung)
  • Das Durchschnittsergebnis liegt bei 37 aus 121

Antwortstatistiken

HintAntwort% Korrekt
Geliebte Adolf HitlersEva Braun
77%
Brettspiel, bei dem vier eigene Startfiguren auf gewisse Zielfelder gezogen werden müssenMensch ärgere Dich nicht
74%
Gerichtsprozesse gegen 24 Nazi-KriegsverbrecherNürnberger Prozesse
74%
Von 1949 bis 1990 Hauptstadt der Bundesrepublik DeutschlandBonn
71%
Der drittlängste Fluss, der durch Deutschland fließtElbe
68%
Lediglich diese 4 Zutaten sind danach gestattetWasser
68%
Lediglich diese 4 Zutaten sind danach gestattetMalz
66%
Die Mitglieder der Bremer StadtmusikantenEsel
65%
Lediglich diese 4 Zutaten sind danach gestattetHopfen
65%
Die Mitglieder der Bremer StadtmusikantenHund
65%
Die Mitglieder der Bremer StadtmusikantenKatze
65%
Die Mitglieder der Bremer StadtmusikantenHahn
63%
Stadt, in der das Bundesverfassungsgericht sitztKarlsruhe
63%
Berühmter Satz, häufiges Zitat aus der Rede John F. Kennedys am 26. Juni 1964 in West-BerlinIch bin ein Berliner
62%
Vorstellung, dass deutsches Bier nur aus 4 Zutaten bestehen darfReinheitsgebot
62%
Jugendmagazin mit der Rubrik „Dr. Sommer“Bravo
60%
Nachname der Brüder, die die „Kinder- und Hausmärchen“ veröffentlichtenGrimm
60%
Name des Feiertags am 1. MaiTag der Arbeit
58%
Lediglich diese 4 Zutaten sind danach gestattetHefe
57%
Wiese, auf der das Oktoberfest stattfindetTheresienwiese
55%
Jahr der Hyperinflation und des Hitlerputsches1923
52%
Zwei große deutsche Warenhäuser, die 2019 fusioniertenGaleria Kaufhof
52%
Vereinigung norddeutscher Kaufleute zwischen dem 12. Und 17. JahrhundertHanse
51%
Die älteste Universität DeutschlandsRuprecht-Karls-Universität Heidelberg
51%
Beliebteste Show der deutschen FernsehgeschichteWetten, dass..?
51%
Moderator, der das Spiel „Blamieren oder Kassieren“ der Schlag den Raab-Sendungen moderierteElton
49%
Einzige deutsche Stadt, die mit X beginntXanten
49%
Initiator des Attentates auf Adolf Hitler am 20. Juli 1944Claus Schenk Graf von Stauffenberg
46%
Zwei große deutsche Warenhäuser, die 2019 fusioniertenKarstadt
46%
Spitzname für die Flugzeuge der Allierten, die West-Berlin mit Lebens- und Hilfsmitteln versorgtenRosinenbomber
46%
Deutsches Marionettentheater, unter anderem bekannt für Jim KnopfAugsburger Puppenkiste
45%
Name der Stadt Chemnitz von 1953 bis 1990Karl-Marx-Stadt
45%
Geschichte des 19. Jahrhunderts, in dem zwei Jungen sieben Streiche begehenMax und Moritz
45%
Kinderbuchprotagonist, der sich weder Haare noch Nägel schneiden ließStruwwelpeter
45%
Verschwörungstheorie, die die Niederlage des Ersten Weltkriegs auf Sozialdemokraten und Juden abwälzteDolchstoßlegende
43%
Maschine, mit der die Nazis im 2. Weltkrieg ihre Nachrichten verschlüsseltenEnigma
43%
Schriftsteller, Monatsgedichte, „Emil und die Detektive“, „Das fliegende Klassenzimmer“Erich Kästner
43%
Politische Polizei des NS-RegimesGeheime Staatspolizei
42%
Das Viergestirn der Weimarer KlassikJohann Wolfgang von Goethe
40%
Gebäude, das 1869 für den bayerischen König Ludwig II. errichtet wurdeSchloss Neuschwanstein
40%
Das Viergestirn der Weimarer KlassikFriedrich Schiller
38%
Unternehmen für Gesellschaftsspiele, unter anderem bekannt durch „Malefiz“Ravensburger
38%
Ort der ersten deutschen NationalversammlungFrankfurt am Main
37%
Politiker, die auf diesem Gemälde zu sehen sindErich Honecker
35%
Philosoph, „Gott ist tot“, starb an unbehandelter SyphilisFriedrich Nietzsche
35%
Erfolgreichster deutscher Tischtennisspieler, zwischen 2011 und 2018 zeitweise Nr. 1 der WeltranglisteTimo Boll
35%
Die vier wichtigsten Metren der deutschen SpracheJambus
32%
Fluss, der mit dem Rhein am Deutschen Eck zusammenfließtMosel
32%
Ort, an dem Luther das Neue Testament ins Deutsche übersetzteWartburg
32%
Das teuerste Gebäude Deutschlands, das aus öffentlicher Hand finanziert wurdeElbphilharmonie
31%
Plan Nazideutschlands zum Angriff auf die SowjetunionUnternehmen Barbarossa
31%
Verbündete des Deutschen Reiches im 2. WeltkriegAchsenmächte
29%
KZ-Arzt von Auschwitz-Birkenau, bekannt durch unmenschliche Experimente an GefangenenJosef Mengele
29%
Entwickler des ersten Computers der Welt und dessen NameKonrad Zuse
29%
Skulptur auf dem Brandenburger TorQuadriga
29%
Begriffsbezeichnung für die Pandemie, der im 14. Jahrhundert ein Drittel aller Europäer zum Opfer fallenSchwarzer Tod
29%
Deutscher Boxer mit dem Spitznamen „Gentleman“Henry Maske
28%
Name, mit dem Martin Luther untertauchteJunker Jörg
28%
Name des 1977 von der RAF entführten FlugzeugsLandshut
28%
Berg, an dem Adolf Hitlers privater Wohnsitz lagObersalzberg
28%
Die vier wichtigsten Metren der deutschen SpracheDaktylus
26%
Die vier wichtigsten Metren der deutschen SpracheTrochäus
26%
Das Dreikaiserjahr1888
25%
Ort, an dem Luther das Neue Testament ins Deutsche übersetzteEisenach
25%
Die erste Steigerungsform von Adjektiven in der deutschen SpracheKomparativ
25%
1935 erlassene Gesetze, die Legitimationsgrundlage für Diskriminierung und Verfolgung der Juden im NationalsozialismusNürnberger Rassegesetze
25%
Ort der ersten deutschen NationalversammlungPaulskirche
25%
Kapitän der Nationalmannschaft beim Wunder von Bern 1954Fritz Walter
23%
Volkstümlicher Spitzname Friedrich des GroßenAlter Fritz
22%
Die vier wichtigsten Metren der deutschen SpracheAnapäst
22%
Zeit im September und Oktober 1977 der Bundesrepublik Deutschland, geprägt durch die RAFDeutscher Herbst
22%
Stadtteil, in dem 1992 in Rostock rassistische Angriffe stattfandenLichtenhagen
22%
Heldenepos des Mittelalters, in dem Siegfried einen Drachen tötetNibelungenlied
22%
Die Haupttäter des NSUBeate Zschäpe
20%
Zwei Männer, die beide am 9. November 1918 die Republik ausriefenKarl Liebknecht
20%
Name der Galerie in Berlin-Friedrichshain, bei der dieses Kunstwerk zu sehen istEast Side Gallery
18%
Deutscher Arbeitgeberpräsident, der 1977 Entführungs- und Mordopfer der RAF wurdeHanns Martin Schleyer
18%
Bundespräsident, der nur ein Tag kürzer als der längste im Amt warRichard von Weizsäcker
18%
Zwei Männer, die beide am 9. November 1918 die Republik ausriefenPhilipp Scheidemann
17%
Die Haupttäter des NSUUwe Mundlos
17%
Datum des Volksaufstandes in der DDR 195317. Juni
15%
Jahr des Zusammenschlusses des ADAV und der SDAP zur Sozialistischen Arbeiterpartei Deutschlands (später SPD)1875
15%
Student, der 1967 bei einem Protest gegen den Schah von Persien erschossen wird, sein Tod markiert den Beginn der 68er-BewegungBenno Ohnesorg
15%
Berühmtes Gemälde auf der Berliner Mauer, auf dem sich die Staatsoberhäupter der DDR und der Sowjetunion küssenBruderkuss
14%
Ordnung Deutschlands von 1815-1866Deutscher Bund
14%
Telegramm, das von Bismarck verfälscht und an die Presse weitergeleitet wurde, um die französische Kriegserklärung gegen Deutschland 1870 zu provozierenEmser Depesche
14%
Kaiser, der den Gang nach Canossa 1076-1077 gingHeinrich IV.
14%
Geburtsort von Karl MarxTrier
14%
Entwickler des ersten Computers der Welt und dessen NameZ3
14%
Spezielle Opposition, die in der 68-Bewegung ihren Höhepunkt fandAußerparlamentarische Opposition
12%
Stadt, in der das Hermannsdenkmal stehtDetmold
12%
Politiker, die auf diesem Gemälde zu sehen sindLeonid Breschnew
12%
Die Haupttäter des NSUUwe Böhnhardt
12%
Bürgerlicher Name des Kannibalen von RotenburgArmin Meiwes
11%
Anderer Name für Art. 79 Abs. 3 GGEwigkeitsklausel
11%
„Das tritt nach meiner Kenntnis … ist das sofort, unverzüglich“Günter Schabowski
11%
Bezeichnung für Personen, die für die Stasi verdeckt Informationen liefertenInoffizieller Mitarbeiter
11%
„Rätselhafter Findling“, der 1828 in Nürnberg aus dem Nichts auftauchte, wenig sprach und sich zu einem mysteriösen Kriminalfall entwickelteKaspar Hauser
11%
Konföderation deutscher Staaten, die aus dem Heiligen Römischen Reich austraten durch Initiative Napoleons, MilitärbündnisRheinbund
11%
Bundespräsident mit der längsten AmtszeitTheodor Heuss
11%
Minister, der über 32 Jahre lang Minister für Staatssicherheit in der DDR warErich Mielke
9%
Autor von „Das Käthchen von Heilbronn“ und „Die Marquise von O…“Heinrich von Kleist
9%
Deutsches Schachtalent, seit Oktober 2022 bester deutscher SpielerVincent Keymer
9%
KPD-Vorsitzender in der Weimarer RepublikErnst Thälmann
8%
Institut, das das MP3-Format entwickelteFraunhofer-Institut
8%
Der letzte Reichskanzler vor HitlerKurt von Schleicher
8%
Kommandobehörde über die aktiven Truppenteile des deutschen Heeres während des Ersten WeltkriegesOberste Heeresleitung
8%
Name der verfassunggebenden Versammlung, die vom 1. September 1948 bis 8. Mai 1949 das Grundgesetz ausarbeiteteParlamentarischer Rat
8%
Vertrag, der die Wiedervereinigung Deutschlands besiegelte und die Besatzungsherrschaft endgültig beendeteZwei-plus-Vier-Vertrag
8%
Bezeichnung für den Massenmord an behinderten Menschen im 3. ReichAktion T4
6%
Generalstaatsanwalt der Frankfurter AuschwitzprozesseFritz Bauer
6%
Vorsitzender der SED von Dezember 1989 bis Oktober 1990Gregor Gysi
6%
Gesetz, dass es den Fürsten des 16. Jahrhunderts erlaubte, auf ihrem Gebiet die vorherrschende Konfession zu bestimmenAugsburger Frieden
5%
Das Viergestirn der Weimarer KlassikChristoph Martin Wieland
5%
Politische Leitlinie der BRD, die die Aufnahme diplomatischer Beziehungen zur DDR als „unfreundlicher Akt“ gegenüber der Bundesrepublik erachtetHallstein-Doktrin
5%
Das Viergestirn der Weimarer KlassikJohann Gottfried Herder
5%
Gründer des „Bauhaus“Walter Gropius
5%
Resultat der Ministerialkonferenzen, an denen 1819 einflussreiche Staaten des Deutschen Bundes teilnahmenKarlsbader Beschlüsse
3%
Vertrag zwischen Kaiser und Papst, mit dem der Investiturstreit beigelegt wurdeWormser Konkordat
3%
Vertrag der diese Sichtweise änderteGrundlagenvertrag
2%
Finanzierungsinstrument, mit dem das Dritte Reich die Aufrüstung der Wehrmacht finanzieren konnteMEFO-Wechsel
2%

Verteilung der Resultate

Perzentil nach korrekt beantworteten Fragen

Anzahl Personen mit jedem Resultat

Ihre Resultats-Entwicklung

Sie haben dieses Quiz seit der letzten Aktualisierung nicht gespielt